1956 1294 1684 1430 1389 1204 1391 1852 1752 1444 1903 1432 1288 1989 1607 1057 1061 1039 1760 1666 1687 1460 1866 1891 1528 1033 1849 1409 1978 1679 1086 1146 1087 1893 1655 1995 1427 1419 1768 1910 1644 1727 1409 1629 1534 1971 1043 1767 1302 1979 1217 1299 1428 1937 1028 1491 1789 1163 1353 1584 1099 1507 1671 1274 1934 1931 1225 1795 1948 1850 1578 1648 1558 1565 1604 1799 1705 1846 1579 1349 1373 1663 1508 1252 1190 1432 1442 1135 1891 1912 1851 1196 1015 1931 1163 1106 1559 1134 1227 BCNSPRNW ULIB Ver.6.0+V

เปลี่ยนเป็นภาษาไทย

Change to English
 แสดงรายละเอียดบรรณานุกรม
  กลับหน้าหลัก

Brief Record : Get Marc (ISO 2709) : E-mail record : QR code < ปิดหน้าต่าง
LEADER : 00000nam 2200000uu 4500
001    13399112212
003     ULIB
008    110627s2553||||th 000 0 tha d
060  4 WY16^bณ382ภ 2553
100 0  ณัทกวี ศิริรัตน์
245 00 ภาพลักษณ์พยาบาลเชิงวิชาชีพตามการรับรู้ของนักศึกษาพยาบาล วิทยาลัยพยาบาลในสังกัดสถาบันพระบรมราชชนก กระทรวงสาธารณสุข/^cณัทกวี ศิริรัตน์
260    อุตรดิตถ์ :^bวิทยาลัยพยาบาลบรมราชชนนี อุตรดิตถ์,^c2553
300    93 หน้า
650  7 พยาบาล^xภาพลักษณ์^xวิจัย
650  7 พยาบาลวิชาชีพ^xวิจัย
945    ^p0^l0^i029264
995    ทศพร
999 ^a ใช้งานได้ทุกระบบ
รายการนี้ยังไม่มีแท็ก
คุณยังไม่ได้ล็อกอิน คุณสามารถมีกิจกรรมร่วมกับเว็บไซต์ได้ แต่ต้องล็อกอินก่อน ::
  ล็อกอิน

รายการสื่อสารสนเทศ

ลำดับที่ ประเภท เลขเรียก/บาร์โค้ด สถานที่ สถานะ
- ไม่พบข้อมูล -

BibComment


ยังไม่เคยถูกคอมเมนท์

คอมเมนท์ทรัพยากรรายการนี้
  คอมเมนท์: ภาพลักษณ์พยาบาลเช..


 Copyright 2026. Bcnsprnw @Library